[Event "BUL-ch sf 72nd"]
[Site "Plovdiv"]
[Date "2008.02.15"]
[Round "5"]
[White "Dyakov, Vladimir"]
[Black "Stoinev, Metodi"]
[Result "0-1"]
[WhiteElo "2112"]
[BlackElo "2336"]
[PlyCount "134"]
[EventDate "2008.02.13"]
[EventType "swiss"]
[EventRounds "9"]
[EventCountry "BUL"]
[SourceTitle "EXT 2009"]
[Source "ChessBase"]
[SourceDate "2008.11.26"]
[SourceVersion "1"]
[SourceVersionDate "2008.11.26"]
[SourceQuality "1"]

1. a3 d5 2. d4 Nf6 3. Nc3 Bf5 4. Bg5 Nbd7 5. Nf3 e6 6. e3 h6 7. Bh4 c5 8. Bd3 cxd4 9. exd4 Bxd3 10. Qxd3 Be7 11. 0-0 0-0 12. Rfe1 Rc8 13. Ne5 a6 14. Nxd7 Qxd7 15. Re2 b5 16. Rae1 Rc4 17. Nd1 Rfc8 18. c3 a5 19. Ne3 R4c7 20. Bxf6 Bxf6 21. Ng4 Bg5 22. Ne5 Qe8 23. Qg3 b4 24. axb4 axb4 25. f4 Be7 26. Re3 bxc3 27. bxc3 Qd8 28. Qf3 Bd6 29. Ng4 Qh4 30. g3 Qh3 31. Nf2 Qf5 32. Nd1 h5 33. Rf1 g6 34. Kg2 Ra8 35. h3 Ra2+ 36. Re2 Rca7 37. Rxa2 Rxa2+ 38. Rf2 Rxf2+ 39. Nxf2 h4 40. Ng4 Qc2+ 41. Kf1 hxg3 42. Nf6+ Kf8 43. Nd7+ Kg7 44. Qxg3 Qc1+ 45. Ke2 Bxf4 46. Qd3 Qb2+ 47. Kd1 Qg2 48. Nc5 Bg3 49. c4 dxc4 50. Qxc4 Qxh3 51. Kc2 Qg2+ 52. Kb3 Qd5 53. Qxd5 exd5 54. Nd7 Bc7 55. Kc3 f5 56. Kd3 g5 57. Ke3 Kf7 58. Nc5 Ke7 59. Nd3 Bd6 60. Nf2 Kf6 61. Nd1 g4 62. Nc3 f4+ 63. Kf2 Ke6 64. Kf1 Bb4 65. Ne2 Kf5 66. Kf2 Ke4 67. Kf1 Ke3 0-1